[Event "Bad Griesbach Seniors op 7th"]
[Site "Bad Griesbach"]
[Date "2004.12.10"]
[Round "6"]
[White "Berchtold, Hans"]
[Black "Fischer, Semen"]
[Result "1-0"]
[WhiteElo "1796"]
[BlackElo "1689"]
[PlyCount "173"]
[EventDate "2004.12.05"]
[EventType "swiss"]
[EventRounds "7"]
[EventCountry "GER"]
[SourceTitle "EXT 2006"]
[Source "ChessBase"]
[SourceDate "2005.11.24"]
[SourceVersion "1"]
[SourceVersionDate "2005.11.24"]
[SourceQuality "1"]

1. c4 e5 2. Nc3 Nf6 3. g3 d5 4. cxd5 Nxd5 5. Bg2 Be6 6. Nf3 Nc6 7. 0-0 Be7 8. d3 0-0 9. Bd2 a6 10. a3 f5 11. Qc1 h6 12. Nxd5 Bxd5 13. Bc3 Bf6 14. e3 Bb3 15. Nd2 Bd5 16. Nf3 Bb3 17. Qd2 Qd6 18. Rfc1 Rfe8 19. Ne1 Bd5 20. Bxd5+ Qxd5 21. Rc2 Rad8 22. Qe2 Qf7 23. Rac1 Qg6 24. b4 Be7 25. Bb2 Bd6 26. Rc4 Nb8 27. Qf3 c6 28. Kh1 Nd7 29. Ng2 Rf8 30. Qe2 Nb6 31. R4c2 Bb8 32. Nh4 Qf7 33. Re1 Qd5+ 34. Kg1 Rd7 35. Qh5 Qf7 36. Qxf7+ Rfxf7 37. Ng6 Rd5 38. f4 Nd7 39. Kf2 Kh7 40. fxe5 Nxe5 41. Nxe5 Bxe5 42. Bxe5 Rxe5 43. Rc5 Re8 44. a4 g6 45. b5 cxb5 46. axb5 Rfe7 47. Re2 a5 48. b6 Re5 49. Rc7+ R8e7 50. Rxe7+ Rxe7 51. Rc2 Kg7 52. Rc5 Kf6 53. Rxa5 Ke6 54. d4 Rd7 55. Kf3 Rd6 56. Rb5 Kf6 57. g4 fxg4+ 58. Kxg4 Ke6 59. Kf4 Rd5 60. Rb4 Rh5 61. Rb2 Rf5+ 62. Ke4 Rh5 63. Kd3 Kd6 64. e4 Kc6 65. Kc4 Ra5 66. e5 Ra4+ 67. Kd3 Kd5 68. Rb5+ Kc6 69. Rc5+ Kxb6 70. e6 Ra3+ 71. Ke4 Ra2 72. h4 Re2+ 73. Kd5 g5 74. hxg5 hxg5 75. Kd6 g4 76. e7 g3 77. Rg5 g2 78. Rxg2 Rxg2 79. e8Q Ka6 80. Qa8+ Kb6 81. Qa3 Rh2 82. Qb4+ Ka6 83. Qc4+ b5 84. Qb4 Rh6+ 85. Kc5 Rb6 86. d5 Kb7 87. Qa5 1-0